000 00586cam a2200241 4500
008 000000n1999 000 0 eng u
020 _a0632042516
035 _a(Sirsi) u100007
041 _aENG
050 _a658.1552
100 _aFerry, Douglas J
245 _aCost planning of buildings.
250 _a7th
260 _bBlackwell Science
_c1999
300 _axi,376p. ; 24cm.
350 _a24.99
650 _aBUILDING INDUSTRY
650 _aCOST CONTROL
690 _aBUILT ENVIRONMENT
700 _aBrandon, Peter S
700 _aFerry, Jonathan D
942 _n0
999 _c99547
_d99547